Statistics for Oklahoma City Thunder NBA Finals Starters

Click here to take the quiz!

General Stats

  • This quiz has been taken 123 times
  • The average score is 10 of 17

Answer Stats

FinalsPlayers% Correct
2012Kevin Durant
100%
2012Russell Westbrook
100%
1996Gary Payton
97%
1996Shawn Kemp
93%
2012Serge Ibaka
89%
2012Kendrick Perkins
82%
1978, 1979Dennis Johnson
68%
1996Ervin Johnson
68%
1979John Johnson
68%
1996Detlef Schrempf
64%
1978, 1979Jack Sikma
58%
2012Thabo Sefolosha
56%
1978, 1979Gus Williams
49%
1996Hersey Hawkins
29%
1978Marvin Webster
8%
1978Paul Silas
7%
1979Lonnie Shelton
6%

Score Distribution

Percentile by Number Answered

Percent of People with Each Score

Your Score History

You have not taken this quiz